000 01016nmm a2200313 a 4500
001 ocm0001682985
003 TR-IsHL
005 20201028165742.0
008 171118s2017 tu tur
007 cr cn
020 _a9786059143851
035 _a1682985
_b(N$T)
050 0 4 _aD116.7.I3
_bİ74 2017
090 0 4 _aD116.7.I3
_bİ74 2017
100 1 _aİrğat, Muhammet
245 1 0 _aTarihselcilik düşüncesi bakımından İbn Haldun
_h[electronic resource] /
_cMuhammet İrğat
260 _aİstanbul :
_bHiperyayın,
_c2017
300 _a224 p.
500 _aKaynakça var.
_x
650 4 _aTarih
650 4 _aHistory
650 0 _aİbn Haldun, 1332-1406
650 0 _aTarihçiler
_x İslam İmparatorluğu
650 0 _aHistorians
_x Islamic Empire
650 0 _aTarih
_x Felsefe
650 0 _aHistory
_x Philosophy
650 7 _aBIOGRAPHY & AUTOBIOGRAPHY / Historical
_2bisacsh
856 4 0 _uhttp://search.ebscohost.com/login.aspx?direct=true&scope=site&db=e011xww&AN=1682985
999 _c15952
_d15952